<?xml version="1.0" encoding="UTF-8"?>
<collection xmlns="http://www.loc.gov/MARC21/slim">
 <record>
  <leader>01631nam a22002177a 4500</leader>
  <controlfield tag="001">NCT_4_018489</controlfield>
  <controlfield tag="008">250510b        xxu||||| |||| 00| 0 vie d</controlfield>
  <datafield tag="999" ind1=" " ind2=" ">
   <subfield code="c">8892</subfield>
   <subfield code="d">8892</subfield>
  </datafield>
  <datafield tag="020" ind1=" " ind2=" ">
   <subfield code="a">9786045886045</subfield>
   <subfield code="c">200000</subfield>
  </datafield>
  <datafield tag="082" ind1="0" ind2="4">
   <subfield code="2">23rd ed.</subfield>
   <subfield code="a">428.24</subfield>
   <subfield code="b">Kh401</subfield>
  </datafield>
  <datafield tag="100" ind1="1" ind2=" ">
   <subfield code="a">Lê Huy Khoa</subfield>
  </datafield>
  <datafield tag="245" ind1="1" ind2="0">
   <subfield code="a">6000 từ vựng chuyên ngành du lịch - khách sạn - nhà hàng Anh - Việt - Hàn =</subfield>
   <subfield code="b">6000 terminologies of tourism - hotel - restaurant english - vietnamese - korean</subfield>
   <subfield code="c">Lê Huy Khoa, Võ Thụy Nhật Minh</subfield>
  </datafield>
  <datafield tag="260" ind1=" " ind2=" ">
   <subfield code="a">Tp. Hồ Chí Minh</subfield>
   <subfield code="b">Nxb. Tổng hợp - Tp. Hồ Chí Minh</subfield>
   <subfield code="c">2023</subfield>
  </datafield>
  <datafield tag="300" ind1=" " ind2=" ">
   <subfield code="a">508 tr.</subfield>
   <subfield code="c">21cm</subfield>
  </datafield>
  <datafield tag="520" ind1="3" ind2=" ">
   <subfield code="a">Trình bày 6000 từ vựng được sắp xếp theo trật tự bảng chữ cái của Tiếng Anh - Việt - Hàn và Tiếng Việt - Anh - Hàn về chuyên ngành Du lịch, Khách sạn, Nhà hàng cùng các ký tự viết tắt chuyên ngành cũng như một số mẫu hội thoại tương ứng với từng lĩnh vực, được trình bày bằng cả ba ngôn ngữ</subfield>
  </datafield>
  <datafield tag="653" ind1=" " ind2=" ">
   <subfield code="a">Quản trị DV Du lịch và Lữ hành</subfield>
  </datafield>
  <datafield tag="700" ind1="1" ind2=" ">
   <subfield code="a">Võ Thụy Nhật Minh</subfield>
  </datafield>
  <datafield tag="942" ind1=" " ind2=" ">
   <subfield code="2">ddc</subfield>
   <subfield code="c">BK</subfield>
  </datafield>
  <datafield tag="952" ind1=" " ind2=" ">
   <subfield code="0">0</subfield>
   <subfield code="1">0</subfield>
   <subfield code="2">ddc</subfield>
   <subfield code="4">0</subfield>
   <subfield code="6">428_240000000000000_KH401</subfield>
   <subfield code="7">0</subfield>
   <subfield code="9">30562</subfield>
   <subfield code="a">000001</subfield>
   <subfield code="b">000001</subfield>
   <subfield code="d">2025-05-10</subfield>
   <subfield code="o">428.24 Kh401</subfield>
   <subfield code="p">MD.23836</subfield>
   <subfield code="r">2025-05-10</subfield>
   <subfield code="v">200000.00</subfield>
   <subfield code="w">2025-05-10</subfield>
   <subfield code="y">BK</subfield>
  </datafield>
  <datafield tag="952" ind1=" " ind2=" ">
   <subfield code="0">0</subfield>
   <subfield code="1">0</subfield>
   <subfield code="2">ddc</subfield>
   <subfield code="4">0</subfield>
   <subfield code="6">428_240000000000000_KH401</subfield>
   <subfield code="7">0</subfield>
   <subfield code="9">30563</subfield>
   <subfield code="a">000001</subfield>
   <subfield code="b">000001</subfield>
   <subfield code="d">2025-05-10</subfield>
   <subfield code="l">1</subfield>
   <subfield code="m">1</subfield>
   <subfield code="o">428.24 Kh401</subfield>
   <subfield code="p">MD.23837</subfield>
   <subfield code="q">2025-12-13</subfield>
   <subfield code="r">2025-11-22</subfield>
   <subfield code="s">2025-11-22</subfield>
   <subfield code="v">200000.00</subfield>
   <subfield code="w">2025-05-10</subfield>
   <subfield code="y">BK</subfield>
  </datafield>
  <datafield tag="980" ind1=" " ind2=" ">
   <subfield code="a">Thư viện Trường Đại học Nam Cần Thơ</subfield>
  </datafield>
 </record>
</collection>
